La convención colectiva como sistema destinado a la prevención o solución de conflictos colectivos de trabajo / (Record no. 15023)

000 -CABECERA
fixed length control field 00695nam a22001697a 4500
003 - IDENTIFICADOR DEL NÚMERO DE CONTROL
control field AR-CdUCM
008 - DATOS DE LONGITUD FIJA--INFORMACIÓN GENERAL
fixed length control field 190425b ||||| |||| 00| 0 spa d
040 ## - FUENTE DE LA CATALOGACIÓN
Agencia/entidad que catalogó originalmente la obra MUNICIPALIDAD PROVINCIAL DEL CUSCO
Entidad que transcribió la catalogación BIBLIOTECA MUNICIPAL DEL CUSCO
082 ## - NÚMERO DE LA CLASIFICACIÓN DECIMAL DEWEY
No. de Clasificación C / 340.4 /
Notacion interna A65
100 ## - ENTRADA PRINCIPAL--NOMBRE DE PERSONA
Nombre Personal Araujo Cordova, Joaquin E.
245 ## - MENCIÓN DE TÍTULO
Título La convención colectiva como sistema destinado a la prevención o solución de conflictos colectivos de trabajo /
260 ## - PUBLICACIÓN, DISTRIBUCIÓN, ETC.
Lugar de publicación, distribución, etc. Cusco :
Nombre de la editorial, distribuidor, etc. Unsaac,
Fecha de publicación, distribución, etc. 1976.
300 ## - DESCRIPCIÓN FÍSICA
Nº de Páginas Extensión 88 hojas ;
Dimensiones 28 cm.
505 ## - NOTA DE CONTENIDO CON FORMATO
Nota de contenido formateada Los conflictos colectivos de trabajo -- La convención colectiva de trabajo como medio de prevención de conflictos colectivos --
942 ## - ELEMENTOS DE PUNTO DE ACCESO ADICIONAL (KOHA)
Fuente de clasificación
Tipo de item Tesis y monografías
945 ## - PROCESAMIENTO DE INFORMACIÓN LOCAL (OCLC)
Catalogador wfj
Holdings
Estado de retiro (separado) Fuente de clasificación o esquema de estanterías Estado dañado Ubicación Sala donde se ubica Nombre de la colección Fecha de adquisición o compra Costo, precio normal en soles Signatura topográfica Código de Barras Última vez visto (Koha) Tipo de ítem (Koha)
No     Sala Cusco Antiguo Sala Cusco Antiguo Book Cart 2019-04-25 30.00 C / 340.4 / A65 SCA0003370 2019-04-25 Tesis y monografías

Powered by Koha